ARRUPE JESUIT UNIVERSITY

CORONAVIRUS -STOP THE SPREAD - CLEAN,DISINFECT,COVER

John Henry Newman : (Record no. 120097)

MARC details
000 -LEADER
fixed length control field 01002cam a2200289 a 4500
001 - CONTROL NUMBER
control field 4986164
003 - CONTROL NUMBER IDENTIFIER
control field ARRUPE
005 - DATE AND TIME OF LATEST TRANSACTION
control field 20140219141638.0
008 - FIXED-LENGTH DATA ELEMENTS--GENERAL INFORMATION
fixed length control field 980210s1997 gau b 001 0deng d
010 ## - LIBRARY OF CONGRESS CONTROL NUMBER
LC control number 98134182
020 ## - INTERNATIONAL STANDARD BOOK NUMBER
International Standard Book Number 0865546037
035 ## - SYSTEM CONTROL NUMBER
System control number (OCoLC)38389705
040 ## - CATALOGING SOURCE
Original cataloging agency GMM
Transcribing agency GMM
Modifying agency DLC
042 ## - AUTHENTICATION CODE
Authentication code lccopycat
050 00 - LIBRARY OF CONGRESS CALL NUMBER
Classification number BT127.2
Item number .M37 1997
082 00 - DEWEY DECIMAL CLASSIFICATION NUMBER
Classification number 231.7/4/092
Edition number 21
300 ## - PHYSICAL DESCRIPTION
Dimensions 24 cm.
100 1# - MAIN ENTRY--PERSONAL NAME
Personal name McGrath, Francis J.,
Dates associated with a name 1930-2003.
9 (RLIN) 8762
245 10 - TITLE STATEMENT
Title John Henry Newman :
Remainder of title universal revelation /
Statement of responsibility, etc Francis McGrath ; with a foreword by Gerard Tracey.
260 ## - PUBLICATION, DISTRIBUTION, ETC. (IMPRINT)
Place of publication, distribution, etc Macon, GA :
Name of publisher, distributor, etc Mercer University Press,
Date of publication, distribution, etc 1997.
300 ## - PHYSICAL DESCRIPTION
Extent 169 p. ;
504 ## - BIBLIOGRAPHY, ETC. NOTE
Bibliography, etc Includes bibliographical references (p. 157-161) and indexes.
600 10 - SUBJECT ADDED ENTRY--PERSONAL NAME
Personal name Newman, John Henry,
Dates associated with a name 1801-1890.
9 (RLIN) 8763
650 #0 - SUBJECT ADDED ENTRY--TOPICAL TERM
Topical term or geographic name as entry element Revelation
General subdivision Christianity.
9 (RLIN) 8764
906 ## - LOCAL DATA ELEMENT F, LDF (RLIN)
a 7
b cbc
c copycat
d 2
e ncip
f 19
g y-gencatlg
942 ## - ADDED ENTRY ELEMENTS (KOHA)
Source of classification or shelving scheme Library of Congress Classification
Koha item type Monograph ( Printed materials)
Holdings
Withdrawn status Lost status Source of classification or shelving scheme Damaged status Not for loan Collection code Home library Current library Shelving location Date acquired Total Checkouts Full call number Barcode Date last seen Price effective from Koha item type
    Library of Congress Classification     Main Collection ARRUPE LIBRARY ARRUPE LIBRARY Main Collection 19/02/2014   BX1750.N44 1997 46500002179 22/11/2017 19/02/2014 Monograph ( Printed materials)

 

Arrupe Library. PO Box MP320 Mt Pleasant, Harare, Zimbabwe
263 242 745411|librarian@aju.ac.zw